000 00291nam a22001337a 4500
008 170406b xxu||||| |||| 00| 0 eng d
020 _a9780683180053
041 _aeng
080 _a575
100 _a9
101 _aSHM
245 _aIMUNOLOGY NICROBIOLOGY
_cJOHNSON.A.G
942 _2udc
_cBK
999 _c9955
_d9955